| 000 | 00467nam a2200181Ia 4500 | ||
|---|---|---|---|
| 003 | STCL | ||
| 008 | 230726s9999 xx 000 0 und d | ||
| 020 | _a9780190127923 | ||
| 040 |
_aSTCL _cSTCL _bEN |
||
| 082 | _222 | ||
| 100 | _aSircar, Oishik | ||
| 245 | 0 | _aViolent modernities: cultural lives of law in the new India | |
| 260 |
_bOxford University Press _aNew Delhi _c2021 |
||
| 300 | _a324 p | ||
| 365 | _b1595 | ||
| 546 | _aEnglish | ||
| 942 |
_2DDC _e22 _cBKDDC |
||
| 999 |
_c88956 _d88956 |
||